000 00890nam a22002657a 4500
999 _c20991
_d20991
003 AR-CdUCM
008 190723b ||||| |||| 00| 0 spa d
040 _aMUNICIPALIDAD PROVINCIAL DEL CUSCO
_cBIBLIOTECA MUNICIPAL DEL CUSCO
082 _aC / 100 /
_bT34
100 _aTello Palomino, Moisés
_917121
245 _aIntroducción a la filosofia /
260 _aCusco :
_bPrograma académico de estudios generales,
_c1971.
300 _a108 páginas ;
_c33 cm.
500 _aPrograma académico de estudios generales
650 _aFilosofia
_9395
650 _aCusco
_9772
700 _aAguirre Cardenas, Gottardo
_943781
700 _aDueñas Macedo, Mariano
_943782
700 _aZegarra Cano, Rodolfo
_943783
700 _aGutierres Pareja, Salustio
_943784
700 _aMejia H., Mario
_943785
700 _aBustos Silva, Nestor
_943786
942 _2ddc
_cLIBROS
945 _azta